000 00816nam a2200217Ii 4500
003 JO-AjNU
008 230605s9999||||xx |||||||||||||| ||und||
017 _a2007/4899
020 _a977-5673-64-X
040 _aJO-AjNU
_bara
_erda
_cJO-AjNU
041 _aara
050 1 4 _aHC498.9.A44.2007
100 3 _aالعلاق، بشير عباس,
_eauthor
_944951
245 0 0 _aتكنولوجيا المعلومات والاتصالات وتطبيقاتها في مجال التجارة النقالة
264 3 1 _aالقاهرة:المنظمة الععربية للتنمية الادارية،2007
300 _a403ص
336 _atext
_btxt
_2rdacontent
337 _aunmediated
_bn
_2rdamedia
338 _avolume
_bnc
_2rdacarrier
650 4 _aتكنولوجيا المعلومات-ادارة اعمال
_944952
999 _aA19449
_c23017
_d23017